Asset Skills[electric resource] (Record no. 120289)

MARC details
000 -LEADER
fixed length control field 00627cad a2200145 4500
001 - CONTROL NUMBER
control field WS122786
008 - FIXED-LENGTH DATA ELEMENTS--GENERAL INFORMATION
fixed length control field 030627n 000 0 eng u
035 ## - SYSTEM CONTROL NUMBER
System control number (Sirsi) u122786
110 ## - MAIN ENTRY--CORPORATE NAME
Corporate name or jurisdiction name as entry element Asset Skills
9 (RLIN) 5165
245 ## - TITLE STATEMENT
Title Asset Skills[electric resource]
520 ## - SUMMARY, ETC.
Summary, etc. Web site for Asset Skills is the Sector Skills Council for facilities management, housing, property, planning, cleaning and parking. Formerly known as Property Services National Training Organisation.
690 ## - LOCAL SUBJECT ADDED ENTRY--TOPICAL TERM (OCLC, RLIN)
Topical term or geographic name as entry element CAREERS, EDUCATION AND TRAINING
856 40 - ELECTRONIC LOCATION AND ACCESS
Uniform Resource Identifier <a href="https://www.assetskills.org/">https://www.assetskills.org/</a>
Public note View the website free of charge at www.assetskills.org.
942 ## - ADDED ENTRY ELEMENTS (KOHA)
Suppress in OPAC 0
Holdings
Withdrawn status Lost status Source of classification or shelving scheme Damaged status Not for loan Home library Current library Shelving location Date acquired Total Checkouts Full call number Barcode Date last seen Copy number Price effective from Koha item type
    Dewey Decimal Classification     Virtual Virtual Online 27/06/2003   WEB SITE 122786-1001 06/08/2019 1 06/08/2019 Online material